La Comisión Nacional de los Estados Unidos Mexicanos para la UNESCO / Juan Antonio Mateos. (Record no. 133848)
[ view plain ]
| 000 -CABECERA | |
|---|---|
| campo de control de longitud fija | 00848nam a2200205 a 4500 |
| 005 - FECHA Y HORA DE LA ÚLTIMA TRANSACCIÓN | |
| campo de control | 20210219160247.0 |
| 008 - ELEMENTOS DE LONGITUD FIJA--INFORMACIÓN GENERAL | |
| campo de control de longitud fija | 081001s2000 mx r 000 0 spa d |
| 035 ## - NÚMERO DE CONTROL DEL SISTEMA | |
| Número de control de sistema | UPN01000161735 |
| 049 ## - COLECCIÓN | |
| Colección | UNE |
| 080 ## - NÚMERO DE CLASIFICACIÓN DECIMAL UNIVERSAL | |
| Número de la Clasificación Decimal Universal | 341.16: 001 (72) "1986" MAT. |
| 100 1# - ASIENTO PRINCIPAL--NOMBRE PERSONAL | |
| Nombre de persona | Mateos, Juan Antonio |
| 245 13 - MENCIÓN DE TÍTULO | |
| Título | La Comisión Nacional de los Estados Unidos Mexicanos para la UNESCO / Juan Antonio Mateos. |
| 260 ## - PUBLICACIÓN, DISTRIBUCIÓN, ETC. | |
| Lugar de publicación, distribución, etc. | México : CONALMEX, 1986. |
| 300 ## - DESCRIPCIÓN FÍSICA | |
| Extensión | 10 p. |
| 500 ## - NOTA GENERAL | |
| Nota general | Ponencia presentada en el Seminario "México y la UNESCO en el umbral del siglo XXI, celebrada en San Juan del Río, Querétaro en 1986. |
| 690 ## - PUNTO DE ACCESO ADICIONAL DE MATERIA LOCAL--TÉRMINO DE MATERIA (OCLC, RLIN) | |
| Término de materia o nombre geográfico como elemento inicial | CONALMEX |
| 710 2# - ASIENTO SECUNDARIO - NOMBRE CORPORATIVO | |
| Nombre de entidad corporativa o nombre de jurisdicción como elemento de entrada | CONALMEX. Comisión Nacional de los Estados Unidos Mexicanospara la UNESCO |
| 711 2# - ASIENTO SECUNDARIO - NOMBRE DE REUNIÓN | |
| Nombre de congreso/reunión o jurisdicción como elemento de entrada | Seminario "México y la UNESCO en el umbral del siglo XXI" 1986: San Juan del Río, Querétaro. |
| 905 ## - TIPO DE MATERIAL | |
| Tipo de material | UNESCO |
No items available.
